| 000 | 01197cam a2200241 4500 | ||
|---|---|---|---|
| 001 | ABS68065 | ||
| 008 | 040730n2004 000 0 eng u | ||
| 035 | _a(Sirsi) u126978 | ||
| 245 | _aCountryside quality counts | ||
| 260 | _c2004 | ||
| 490 |
_aCountryside Focus _v(32) July/August 2004, 6(1) |
||
| 520 | _aThe Countryside Agency has unveiled the results of their research into the changing nature of the English countryside. The Countryside Quality Counts (CQC) project was launched two years ago in response to the government 2000 Rural White Paper for England (ISBN 0101490925). Briefly describes the setting up of the project, its methods and procedures and aims. Data from CQC can be viewed at www.countryside-quality-counts.org.uk. The results were incorporated into the Countryside Agency's "State of the countryside 2004" report which can be downloaded from www.countryside.gov.uk. | ||
| 590 | _aABS | ||
| 590 | _aABS | ||
| 650 | _aCOUNTRYSIDE QUALITY COUNTS | ||
| 650 | _aRURAL CHARACTER | ||
| 650 | _aAGRICULTURAL PRACTICES | ||
| 650 | _aRURAL DEVELOPMENT | ||
| 650 | _aRURAL WHITE PAPER | ||
| 650 | _aQUALITY OF LIFE COUNTS | ||
| 690 |
_aRURAL _96268 |
||
| 942 | _n0 | ||
| 999 |
_c117797 _d117797 |
||